00503nam a2200169 a 450000100060000000300090000600800410001502000150005604000280007108200180009910000250011724500300014226000410017230000110021365000650022465000440028911510CO-ViMGA141112s2004 ck r 000 u spa d a9586142752 aCO-ViMGAbspacCO-ViMGA04a986.016 A674c1 aArciniegas, Germán10aEl Caballero de El Dorado aBogotá, ceditoria Planeta, c1988 a244 p.14aCOLOMBIA - HISTORIA - DESCUBRIMIENTO Y CONQUISTA 1499 - 155014aJIMENEZ DE QUESADA, GONZALO 1496 - 1579